000
00397nam a22001337a 4500
003
SGT
020
_a
9779350761649
082
_a
891.4309
_b
S17T
100
_a
तिवारी, सियाराम
245
_a
सत्य कहौ लिखी कागर कोरे
260
_b
पिलग्रिम्स पब्लिशिंग
_c
2017
300
_a
118
942
_2
ddc
_c
BK
999
_c
29834
_d
29834